000 00622nam a2200193 a 4500
003 PILC
005 20150112093429.0
008 100713s19uu xx 00 eng d
020 _a981409627
050 _aQA 76.7
_b.P964 2002
100 _aPratt, Terrence
245 _aProgramming languages :
_b Design and Implementation /
_cTerrence Pratt
250 _a4th ed.
260 _aNew Jersey :
_bPrentice-Hall, Inc,
_xyz2002.
300 _a649 pages :
_billustration ;
_c23 cm.
650 _aProgramming languages
_xSoftware-programming
_xComputer-Programming languages
700 _aZelkowitz, Marvin V.
942 _2lcc
_cBK
999 _c14308
_d14308